Agricultural and food policy (Record no. 10279)
[ view plain ]
| 000 -LEADER | |
|---|---|
| fixed length control field | 00282nam a22001217a 4500 |
| 040 ## - CATALOGING SOURCE | |
| Transcribing agency | HS |
| 082 ## - DEWEY DECIMAL CLASSIFICATION NUMBER | |
| Classification number | 338 |
| 100 ## - MAIN ENTRY--AUTHOR NAME | |
| Personal name | ឆាយ គង្គា |
| 245 ## - TITLE STATEMENT | |
| Title | Agricultural and food policy |
| 260 ## - PUBLICATION, DISTRIBUTION, ETC. (IMPRINT) | |
| Place of publication | New Jersey |
| Name of publisher | ឆាយ គង្គា |
| Year of publication | 2001 |
| 300 ## - PHYSICAL DESCRIPTION | |
| Number of Pages | 521p; |
| 942 ## - ADDED ENTRY ELEMENTS (KOHA) | |
| Koha item type | សៀវភៅភាសាអង់គ្លេស |
| 952 ## - LOCATION AND ITEM INFORMATION (KOHA) | |
| Withdrawn status [LOCAL, KOHA] | 0 |
| 952 ## - LOCATION AND ITEM INFORMATION (KOHA) | |
| Withdrawn status [LOCAL, KOHA] | 0 |
| Permanent Location | Date acquired | Koha item type | Lost status | Shelving location | Barcode | Current Location | Full call number |
|---|---|---|---|---|---|---|---|
| Library Block C | 2016-10-08 | សៀវភៅភាសាអង់គ្លេស | C194 | A00204 | Library Block C | 338 ឆាយ 2001 C194 | |
| Library Block C | 2016-10-08 | សៀវភៅភាសាអង់គ្លេស | C194 | RUA057844 | Library Block C | 338 ឆាយ 2001 C194 |